[Event "Chinggis Invitational IV 2018"]
[Site "Ulaanbaatar"]
[Date "2018.08.08"]
[Round "1"]
[White "Ganguly, Surya Shekhar"]
[Black "Bilguun, Sumiya"]
[Result "1-0"]
[WhiteElo "2652"]
[BlackElo "2479"]
[Annotator "TA"]
[PlyCount "77"]
[EventDate "2018.08.08"]
[EventType "tourn"]
[EventCountry "MGL"]
[SourceTitle "playchess.com"]
[Source "ChessBase"]
[SourceQuality "1"]

{[%evp 25,77,19,45,10,9,18,0,3,0,0,0,0,0,-15,48,57,84,84,77,66,81,88,140,37,51,0,0,4,199,205,200,81,95,63,120,73,272,256,276,258,275,283,254,253,276,328,470,449,1132,1070,29983,29984,12821,2892]} 1. e4 c5 2. Nf3 e6 3. d4 cxd4 4. Nxd4 a6 5. Be2 Nf6 6. Nc3 d6 7. O-O Nbd7 8. f4 b5 9. Bf3 Bb7 10. e5 Bxf3 11. Nxf3 Ng4 12. Qe2 {B84: Sicilian Scheveningen: 6 Be2 a6, lines without early Be3} Qb6+ 13. Kh1 b4 {LiveBook: 6 Games} 14. Nd1 {White is slightly better.} (14. Ne4 d5 15. Nf2 Nxf2+ 16. Rxf2 Bc5 17. Rf1 O-O 18. Qd3 Qb5 19. Bd2 Rfc8 {0-1 (46) Kravtsiv,M (2563)-Fedorchuk,S (2673) Bastia 2014}) 14... d5 15. a3 $146 ({Predecessor:} 15. Ne3 Nxe3 16. Bxe3 Bc5 17. Bd2 Qb5 18. Qxb5 axb5 19. Ne1 Bd4 {0-1 (37) Sidhant,M (2371)-Bilguun,S (2460) Tarvisio 2017}) 15... bxa3 16. b3 {[%cal Bb2b3,Bb3b4][%mdl 32]} h5 17. Bxa3 Bxa3 18. Rxa3 Nc5 19. Nd2 g6 (19... O-O $11) 20. c3 $14 O-O 21. b4 $1 {[%cal Rb4c5]} Nb7 22. h3 Nh6 23. Ne3 Ra7 {[#]} (23... Qb5 $142 24. Qf2 Nd8) 24. Nb3 ({Better is} 24. Qf2 $1 $16) 24... a5 $1 25. Rfa1 {[%cal Rb4a5]} Rfa8 26. Qd2 $36 {[%mdl 2048] White fights for an advantage.} a4 $2 (26... axb4 $11 {and Black stays safe.} 27. Rxa7 Rxa7 28. Rxa7 Qxa7) 27. Nd4 $18 Nd8 28. g4 (28. c4 $18 {is more deadly.}) 28... hxg4 $16 29. hxg4 {[%cal Bh3g4,Bg4g5][%mdl 32] aiming for f5.} Nc6 30. Kg2 Kg7 $2 (30... Nxd4 $16 {was worth a try.} 31. Qxd4 (31. cxd4 Kf8 $16) 31... Qxd4 32. cxd4 Ra6) 31. Rh1 $18 Rh8 {[#]} 32. f5 $1 {[%cal Bf4f5,Bf5f6][%mdl 32] Hoping for f6+.} Nxe5 {[#]} 33. f6+ $1 {[%mdl 512]} Kg8 (33... Kxf6 34. g5+) 34. g5 Qd8 35. Qf2 ({Not} 35. Rxh6 Rxh6 36. gxh6 Qxf6 $16) ({But not} 35. gxh6 $6 Qxf6 36. Qe1 Nd3 $18) 35... Nc4 ({Don't play} 35... Nf5 36. Rxh8+ Kxh8 37. Nexf5) (35... Nd3 $142 36. Qf1 Ne5) 36. Nc6 Qb6 (36... Qd6 $142) 37. Nxc4 Qxc6 38. Qxa7 dxc4+ 39. Kg1 {Precision: White = 67%, Black = 38%.} 1-0

[Event "Chinggis Invitational IV 2018"]
[Site "Ulaanbaatar"]
[Date "2018.08.08"]
[Round "1"]
[White "Durarbayli, Vasif"]
[Black "Abasov, Nijat"]
[Result "1/2-1/2"]
[WhiteElo "2633"]
[BlackElo "2623"]
[Annotator "TA"]
[PlyCount "189"]
[EventDate "2018.08.08"]
[EventType "tourn"]
[EventCountry "MGL"]
[SourceTitle "playchess.com"]
[Source "ChessBase"]
[SourceQuality "1"]

{[%evp 13,189,-31,-13,-19,-12,-30,-16,-31,-16,-15,-22,-61,-41,-33,-35,-48,22,-30,-22,-31,-33,-43,-31,-118,-125,-122,-124,-130,-100,-97,-78,-175,-166,-281,-281,-281,-274,-254,-247,-496,-492,-461,-291,-267,-95,-335,-62,-62,-54,-54,-54,-61,-61,-70,-70,-70,-41,-41,-41,-41,-41,-41,-41,-41,0,-33,0,-41,-25,-41,-41,-70,-70,-70,-70,-60,-15,-15,-15,-15,-15,-15,-15,-15,0,-4,0,0,0,-14,0,-15,-6,-15,0,-15,-15,-15,0,0,0,-22,0,-22,-22,-22,-22,-102,-102,-102,-102,-102,-102,-102,-102,-102,-102,-102,0,-102,-37,-37,-37,-37,-29,-29,-29,-29,-29,-29,0,0,0,-37,0,-37,-37,-37,-40,-62,-60,-62,-37,-62,-62,-62,-37,-69,-69,-71,-29,-126,-37,-45,-37,-92,-29,-58,-37,-37,-37,-107,-37,-37,0,0,0,0,0,0,0,0,0,0,0,0,0,0]} 1. e4 c5 2. Nc3 Nc6 3. Nge2 Nf6 4. g3 d5 5. exd5 Nd4 6. Nxd4 {B23: Closed Sicilian: Lines without g3} cxd4 7. Nb5 e5 {[%mdl 1024] LiveBook: 3 Games. Black wants to play ...a6. Black has compensation.} 8. Qe2 (8. Bg2 Bc5 9. O-O Bg4 10. Qe1 O-O 11. d3 Qd7 12. a4 a6 13. Na3 Bh3 14. Qxe5 Bxg2 15. Kxg2 {½-½ (41) Jobava,B (2676)-Alekseenko,K (2554) Moscow 2016}) 8... Be7 $1 9. Bg2 $1 O-O 10. O-O ({Not} 10. Qxe5 $2 a6 $19) 10... a6 11. Na3 Re8 12. Nc4 $146 ({Predecessor:} 12. c4 e4 13. d3 Bg4 {½-½ (31) Dailido,S (2332)-Jones,B (2273) ICCF email 2016}) 12... e4 13. d3 $1 {[%cal Rd3e4]} Bg4 14. Qd2 exd3 (14... Rc8 $15) 15. Qxd3 (15. h3 $142 Bc8 16. Qxd3) 15... Bc5 $1 $36 {[%mdl 2048] Black is pushing.} 16. Bg5 Be2 17. Qb3 $1 h6 18. Bxf6 (18. Bf4 $1 $15) 18... Qxf6 $17 19. Nd2 {next Ne4 is good for White.} Qf5 20. Nf3 {intending Rfc1.} Bxf1 21. Rxf1 b5 22. a4 (22. Nh4 $17 Qf6 23. Qd3) 22... Re2 $19 23. Ne1 {[#]} (23. axb5 {was called for.} Qxc2 24. Qxc2 Rxc2 25. d6) 23... Rxe1 $1 {[%mdl 512]} 24. Rxe1 d3 $1 25. Rf1 dxc2 26. Kh1 $2 (26. Qf3 {was the only defense.} Qe5 27. d6) 26... Rc8 27. Rc1 Bxf2 28. d6 bxa4 $2 (28... Rc4 $19 {has better winning chances.} 29. g4 Qe5) 29. Qb7 $2 {[#]} (29. Qd5 $17 Qxd5 30. Bxd5) 29... Rd8 $2 (29... Bxg3 $1 $19 {[%mdl 512]} 30. d7 (30. hxg3 $2 Qh5+ 31. Kg1 Qd1+ 32. Kh2 Rf8 $19) 30... Rd8) 30. Qc7 $15 Qf6 31. Qxc2 Bd4 32. Qxa4 Qxd6 33. Rc6 Qe7 34. Qxa6 Bxb2 35. Rc8 $1 Qe1+ 36. Bf1 Qe4+ 37. Bg2 Qb1+ 38. Bf1 Qe4+ 39. Bg2 Qe1+ 40. Bf1 Qd1 41. Rxd8+ Qxd8 42. Qb7 Bf6 43. Kg2 Qd2+ 44. Kh3 g5 45. Qf3 Kg7 46. Bc4 Qd7+ 47. Kg2 {[#]} h5 $1 {[%mdl 512]} 48. Qd5 (48. Qxh5 Qc6+) 48... Qe7 49. Bd3 Qe3 50. Bc4 Qe7 51. Bd3 Be5 52. Bc4 Qf6 53. Qf3 Qg6 54. Qd3 Qc6+ 55. Qd5 Qc7 56. Kh1 Qe7 57. Kg2 g4 58. Qe4 Qg5 59. Qd5 Qf6 {With the idea ...Bd4.} 60. Qe4 (60. Bd3 $11) 60... Bd4 $1 $17 61. Kh1 Qf2 {[%csl Gd4][%cal Rf2g1]} 62. Qg2 Qe1+ 63. Qf1 Qe4+ 64. Qg2 Qe3 65. Qf1 Qe4+ 66. Qg2 {[#]} Qe5 (66... Qe8 $1 $17 67. Bd3 Qe1+ 68. Qf1 Qe3) 67. Qf1 $1 $15 f6 {aiming for ...Bc5.} 68. Bd3 Qe3 69. Bf5 Ba7 70. Qd1 Kh6 71. Qf1 Kg7 (71... Qe5 {feels hotter.} 72. Bc2 Kg7 73. Qd1 Bd4 74. Qd2 Kf7) 72. Qd1 Bd4 73. Qf1 Qe5 74. Bd3 Bb6 75. Qg2 Qe1+ 76. Bf1 Qe3 77. Be2 Qd4 78. Qb7+ Kg6 {[%csl Gb6][%cal Rd4g1]} 79. Qg2 Bc5 {...Qe3 is the strong threat.} 80. Bf1 Kg5 {Threatens to win with ...f5.} 81. Be2 f5 {Strongly threatening ...h4.} 82. Qf1 {[#]} (82. h4+ $11 Kh6 83. Qf1) 82... Qd5+ (82... h4 $1 $17 {[%cal Rh4g3] ( -> ...hxg3)} 83. Qf4+ Qxf4 84. gxf4+ Kxf4) 83. Qg2 Qe5 {Hoping for ...Qe3.} 84. Qf1 (84. Bd3 $15) 84... Be3 (84... Kf6 $17 85. Qg2 Qa1+ 86. Qf1 Qe5) 85. h4+ Kf6 86. Qg2 Bc5 {And now ...Bd6 would win.} 87. Kh2 (87. Bf1 $15) 87... Qe3 ({Black should try} 87... Bd6 $17 {White must now prevent ...Qe3.} 88. Qf2 Qe4) 88. Qc6+ $1 Ke5 {[%csl Gc5][%cal Re3g1]} 89. Qe8+ {The position is equal.} Kd4 90. Qh8+ Kd5 {[%csl Gc5][%cal Re3g1]} 91. Qg8+ Kd4 92. Qh8+ Kd5 {[%csl Gc5][%cal Re3g1]} 93. Qg8+ Kd6 {[%csl Gc5][%cal Re3g1]} 94. Qd8+ Ke5 {[%csl Gc5][%cal Re3g1]} 95. Qe8+ {Precision: White = 55%, Black = 42%.} 1/2-1/2

[Event "Chinggis Invitational IV 2018"]
[Site "Ulaanbaatar"]
[Date "2018.08.08"]
[Round "1"]
[White "Izoria, Zviad"]
[Black "Robson, Ray"]
[Result "1/2-1/2"]
[WhiteElo "2606"]
[BlackElo "2670"]
[Annotator "TA"]
[PlyCount "77"]
[EventDate "2018.08.08"]
[EventType "tourn"]
[EventCountry "MGL"]
[SourceTitle "playchess.com"]
[Source "ChessBase"]
[SourceQuality "1"]

{[%evp 23,77,0,8,0,10,0,0,0,10,19,23,25,18,21,21,0,0,0,0,-17,-5,-26,0,0,0,0,0,-16,-12,-22,0,0,29,7,5,7,13,11,9,3,2,0,0,0,0,0,0,0,0,0,0,0,0,0,0,0]} 1. e4 e5 2. Nf3 Nc6 3. g3 Nf6 4. d3 d5 5. exd5 Nxd5 6. Bg2 g6 7. O-O Bg7 8. Nc3 {C44: Ponziani Opening and Scotch Gambit} Nde7 9. Re1 O-O 10. Rb1 a5 11. a3 Nf5 12. b4 axb4 {LiveBook: 3 Games} 13. axb4 Nfd4 {[#]} 14. Nxd4 $146 ({Predecessor:} 14. Nd2 Be6 15. b5 Na5 16. Nde4 Qc8 17. Bg5 {½-½ (48) Ding,L (2760)-Hammer,J (2628) Sharjah 2017}) 14... Nxd4 15. Ne4 h5 16. c3 Ne6 17. h4 Ra7 18. Be3 b6 19. Ng5 Qd6 20. Qc2 Nxg5 21. hxg5 Bf5 22. Be4 Qd7 23. Ra1 Rxa1 24. Rxa1 Rd8 25. c4 {[#]} h4 $1 {[%mdl 512] With the idea ...Bxe4.} 26. Qa4 (26. gxh4 Bxe4) 26... Qe6 27. Bd5 Qc8 {White must now prevent ...hxg3.} 28. Qb5 {aiming for Ra8.} Bd7 $1 {[%cal Rd7b5] The position is equal.} 29. Qa6 hxg3 30. fxg3 Bf5 31. Qxc8 Rxc8 32. Be4 Bxe4 33. dxe4 $11 {[%mdl 4096] Endgame KRB-KRB} Bf8 34. b5 Rd8 35. Kf2 Rd3 36. Ke2 Rc3 37. Rc1 Rxc1 38. Bxc1 Bd6 39. Kd3 {Precision: White = 51%, Black = 76%.} 1/2-1/2

[Event "Chinggis Invitational IV 2018"]
[Site "Ulaanbaatar"]
[Date "2018.08.08"]
[Round "1"]
[White "Batchuluun, Tsegmed"]
[Black "Bocharov, Dmitry"]
[Result "1-0"]
[WhiteElo "2571"]
[BlackElo "2573"]
[Annotator "TA"]
[PlyCount "121"]
[EventDate "2018.08.08"]
[EventType "tourn"]
[EventCountry "MGL"]
[SourceTitle "playchess.com"]
[Source "ChessBase"]
[SourceQuality "1"]

{[%evp 24,121,36,27,50,36,71,46,82,68,70,68,104,118,113,96,106,68,73,78,91,57,55,55,56,42,81,81,79,81,76,77,79,89,115,73,85,86,107,85,85,74,80,86,70,39,50,31,61,56,85,38,75,64,55,50,58,13,88,92,119,66,74,106,125,18,235,236,236,236,293,274,385,314,329,332,377,275,441,428,595,529,594,581,827,806,752,753,1045,978,2729,2367,2303,2169,5639,1323,29986,29987,29988,29989]} 1. d4 {Bulletin} Nf6 2. c4 e6 3. Nf3 d5 4. g3 Bb4+ 5. Bd2 Be7 6. Bg2 O-O 7. O-O Nbd7 8. Qc2 Ne4 9. Bf4 c6 10. Nc3 g5 {E08: Closed Catalan: Main Line: 7 Qc2} 11. Bc1 f5 12. b3 Bf6 (12... b6 13. Bb2 Bb7 14. Rad1 Qe8 15. Ne5 Nxe5 16. dxe5 Nxc3 17. Qxc3 Rc8 18. e3 {1-0 (75) Le,Q (2739)-Nakamura,H (2792) Saint Louis 2017}) 13. Bb2 {LiveBook: 3 Games} Bg7 14. Rad1 Qe7 $146 ({Predecessor:} 14... Rf7 15. Nxe4 fxe4 16. Ne1 Nf8 17. f3 exf3 18. Bxf3 {½-½ (55) Petrosian,T-Botvinnik,M Moscow (Russia) 1963 MainBase [Bulletin]}) 15. Ne1 {[%cal Rc3e4]} Ndf6 16. Nxe4 Nxe4 17. f3 Nf6 18. Qc1 {And now Ba3 would win.} Ne8 19. Nd3 Nd6 20. c5 Nf7 21. e4 Bd7 22. exd5 exd5 23. Rde1 Qf6 24. f4 {[%cal Bf3f4,Bf4e5][%mdl 32]} h6 25. Rf2 $36 {[%mdl 2048] White is on the roll.} Rae8 26. Ne5 Nxe5 27. fxe5 Qg6 28. Qc2 Rf7 29. Bc1 Bf8 30. Bf1 Be7 31. Bd3 {[#] Threatens to win with g4!} h5 32. Ref1 Ref8 33. Kh1 g4 34. Be3 h4 35. Kg1 Qh5 36. b4 b5 37. Bc1 Be6 38. Be3 Kg7 39. Rg2 Rh8 40. Bf4 Kg8 (40... hxg3 $11 41. hxg3 Bg5) 41. a4 $16 a6 42. axb5 (42. Kf2 $16) 42... axb5 $14 43. Qa2 {[#] Strongly threatening Qa8+.} hxg3 44. hxg3 (44. Qa8+ $16 Bf8 45. Bxg3) 44... Rfh7 $2 (44... Bg5 $1 $11) 45. Qa8+ $18 Kf7 46. Qxc6 Rc8 47. Qa6 Qg6 (47... Rd8 $142 48. Kf2 Rhh8) 48. Bxb5 Bg5 49. Qa7+ Kf8 50. Qa4 Bxf4 $2 (50... Kg7 51. Bd7 Bxf4 52. Rxf4 Rd8) 51. Rxf4 Rb8 52. Bd3 Kg8 53. b5 {[%cal Bb4b5,Bb5b6,Bb6b7][%mdl 32]} Rh3 54. b6 Qh6 55. Qc6 Rc8 56. Qd6 Ra8 57. b7 {Rxg4+! would kill now.} Rh1+ 58. Kf2 {White wants to mate with Rxg4+!} Ra2+ 59. Be2 (59. Ke3 $142 Re1+ 60. Re2 Rexe2+ 61. Bxe2) 59... Rf1+ 60. Kxf1 Qh1+ 61. Kf2 {Precision: White = 58%, Black = 33%.} 1-0

[Event "Chinggis Invitational IV 2018"]
[Site "Ulaanbaatar"]
[Date "2018.08.08"]
[Round "1"]
[White "Lkhagvasuren, Tsedvee"]
[Black "Shomoev, Anton"]
[Result "0-1"]
[WhiteElo "2280"]
[BlackElo "2552"]
[Annotator "TA"]
[PlyCount "117"]
[EventDate "2018.08.08"]
[EventType "tourn"]
[EventCountry "MGL"]
[SourceTitle "playchess.com"]
[Source "ChessBase"]
[SourceQuality "1"]

{[%evp 20,117,-8,-10,8,-50,-58,-61,-54,-46,-50,-39,-47,-65,-51,-51,-51,-51,-51,-51,-51,-51,-51,-52,-51,-51,-51,-58,-51,-51,-51,-55,-51,-52,-52,-52,-52,-54,-54,-56,-54,-54,-54,-55,-55,-54,-56,-58,-41,-41,-16,-41,-41,-48,-48,-48,-38,-38,-27,-134,-133,-137,-117,-133,-127,-144,-144,-155,-128,-276,-276,-452,-275,-275,-264,-271,-260,-259,-259,-263,-258,-581,-500,-672,-668,-580,-502,-720,-681,-6247,-6247,-6142,-6094,-5607,-5418,-2835,-2650,-2077,-1909,-29987]} 1. d4 g6 2. c4 Bg7 3. Nc3 c5 4. Nf3 cxd4 5. Nxd4 Nc6 6. e3 Nf6 7. Be2 O-O 8. O-O d5 9. cxd5 Nxd5 10. Nxc6 bxc6 11. Bd2 Rb8 {[%cal Ba8b8,Bb8b6,Bb6c6][%mdl 32] A35: Symmetrical English: 2 Nc3 Nc6 3 Nf3} 12. Nxd5 (12. Qc1 $11) (12. Qc1 Nb4 13. Na4 Be6 14. Bxb4 Rxb4 15. Nc3 Qa5 16. Rd1 Rxb2 17. Qxb2 Bxc3 18. Qc2 Bxa1 19. Rxa1 {0-1 (35) Azaladze,S (2332)-Mchedlishvili,M (2583) Tbilisi 2007}) 12... cxd5 $15 13. Bc3 Bxc3 {Black is slightly better.} 14. bxc3 Be6 $146 ({Predecessor:} 14... Rb2 15. Bf3 Ba6 16. Re1 e6 17. a4 Qa5 18. Qd4 Bc4 19. h4 {½-½ (58) Carlson,M (2300)-Kallgren,M (2085) Stockholm 1994}) 15. Qa4 Qc7 16. Qa3 Rb6 17. Rab1 Rc6 18. Rfc1 Rc8 {[%cal Rc6c3]} 19. Ba6 {aiming for Bb7.} Rb8 20. Rxb8+ Qxb8 21. Bd3 Qc7 22. h3 Kg7 23. Qb4 f6 24. a4 Rc5 25. Bb5 a5 26. Qd4 Bf7 27. Qd2 Qd6 28. Kh1 Rc8 29. Kg1 Qa3 30. Rc2 g5 31. Rc1 h5 {[%cal Bh7h5,Bh5h4][%mdl 32]} 32. Bd7 Rc7 33. Bb5 h4 34. Kh1 Qc5 35. Kg1 e5 36. Kh1 Qa3 37. Kg1 Rc5 38. Kh2 Bg6 39. Kg1 {[#]} (39. c4 $11 {remains equal.}) 39... d4 $1 $17 {[%cal Rd4c3][%mdl 512]} 40. c4 {[#]} (40. cxd4 Rxc1+) 40... Qb4 $1 {[%cal Rb4d2]} 41. Rd1 {[#]} Qxd2 $1 42. Rxd2 {[%mdl 4096] Endgame KRB-KRB} d3 43. f3 {White wants to play e4.} e4 44. fxe4 (44. Kf1 $17) 44... Bxe4 $19 45. Kf1 $2 (45. Kf2) 45... Kf7 46. Ke1 Ke6 47. Rb2 Kd6 48. Ba6 Rc6 49. Bb5 Rb6 50. Kf2 $2 (50. Rf2 Kc5 51. Ra2) 50... Kc5 {Black is clearly winning.} 51. Ke1 f5 52. Rf2 Rg6 53. Bd7 Rd6 54. Bb5 {[#]} d2+ $1 {[%mdl 512]} 55. Rxd2 Rxd2 56. Kxd2 Bxg2 57. Bd7 Be4 58. Ke2 g4 59. Ke1 {Precision: White = 43%, Black = 83%.} 0-1

[Event "Chinggis Invitational IV 2018"]
[Site "Ulaanbaatar"]
[Date "2018.08.09"]
[Round "2"]
[White "Robson, Ray"]
[Black "Durarbayli, Vasif"]
[Result "1-0"]
[WhiteElo "2670"]
[BlackElo "2633"]
[Annotator "TA"]
[PlyCount "91"]
[EventDate "2018.08.08"]
[EventType "tourn"]
[EventCountry "MGL"]
[SourceTitle "playchess.com"]
[Source "ChessBase"]
[SourceQuality "1"]

{[%evp 25,91,52,34,28,52,10,12,16,54,52,72,48,71,71,71,76,93,79,112,112,111,116,116,119,149,152,161,161,161,152,151,151,156,151,157,154,177,162,205,202,212,204,193,180,168,176,265,275,279,267,275,274,300,285,314,308,379,312,391,391,384,362,1115,1097,929,714,483,454]} 1. e4 e5 2. Nf3 Nc6 3. Bb5 a6 4. Ba4 Nf6 5. O-O Be7 6. Re1 b5 7. Bb3 O-O 8. a4 Bb7 9. d3 d5 10. exd5 {C88: Spanische Partie (Geschlossenes System)} Nxd5 11. axb5 (11. Nbd2 f6 12. c3 Kh8 13. axb5 axb5 14. Rxa8 Bxa8 15. Ne4 b4 16. d4 bxc3 17. bxc3 exd4 18. Nxd4 Nxd4 19. cxd4 {½-½ (42) Caruana,F (2808)-Carlsen,M (2832) Stavanger 2017}) 11... axb5 12. Rxa8 Bxa8 13. Nxe5 Nd4 {LiveBook: 5 Partien} 14. Nd2 Bd6 15. c3 Nxb3 16. Nxb3 {[#]} Re8 $146 ({Vorgänger:} 16... c5 17. d4 c4 {1-0 (47) Ivanchuk,V (2729)-Bacrot,E (2709) Odessa 2007}) 17. d4 {[%cal Bd3d4,Bd4e5][%mdl 32]} Nf6 18. Bg5 h6 19. Bh4 Bxe5 20. dxe5 {[#] Droht Dxd8 und aus.} Qxd1 21. Rxd1 Ng4 22. Nd4 b4 23. cxb4 {[%cal Bc3b4,Bb4b5,Bb5b6][%mdl 32]} Nxe5 24. Nb5 Bc6 25. Nxc7 Rc8 26. Rd8+ Rxd8 27. Bxd8 $18 {[%mdl 4096] Endspiel KLS-KLS} Kf8 28. b5 Bb7 29. Na6 {Und weiter mit Sc5 wäre nett.} Nd3 30. b4 {[%cal Bb2b4,Bb4b5][%mdl 32]} Bd5 31. b6 Bb7 {[#] zielt auf ...Ke8 ab.} 32. b5 $1 Ke8 33. Bc7 Kd7 34. Nb8+ Kc8 35. Nc6 Ba8 (35... g6 $142 36. Bd6 Ba8) 36. Ne7+ Kd7 37. Nf5 g6 38. Nxh6 Ke6 39. Ng4 Nc5 40. Ne5 Bd5 41. f3 Nb7 42. h4 Bb3 43. Nc6 Bc4 $2 (43... Kd7 44. g4 Bc2) 44. Nd8+ {Weiß steht klar auf Gewinn.} Nxd8 45. Bxd8 Bd5 46. Kf2 {Precision: Weiß = 86%, Schwarz = 33%.} 1-0

[Event "Chinggis Invitational IV 2018"]
[Site "Ulaanbaatar"]
[Date "2018.08.09"]
[Round "2"]
[White "Ganguly, Surya Shekhar"]
[Black "Izoria, Zviad"]
[Result "1-0"]
[WhiteElo "2652"]
[BlackElo "2606"]
[Annotator "TA"]
[PlyCount "95"]
[EventDate "2018.08.08"]
[EventType "tourn"]
[EventCountry "MGL"]
[SourceTitle "playchess.com"]
[Source "ChessBase"]
[SourceQuality "1"]

{[%evp 18,95,16,16,14,14,17,11,29,16,24,25,45,40,35,27,28,22,58,35,37,32,61,38,73,70,59,35,41,41,38,19,52,0,47,23,47,36,158,157,145,143,121,107,113,107,91,105,128,120,144,134,136,117,102,106,325,152,150,150,254,227,215,92,129,96,91,106,93,26,880,865,1057,1085,1027,979,29971,29972,5198,3258]} 1. e4 e5 2. Nf3 Nc6 3. Bb5 a6 4. Ba4 Nf6 5. O-O Be7 6. d3 b5 7. Bb3 d6 8. Bd2 {C84: Spanische Partie (Mittelgambit)} (8. a3 O-O 9. Nc3 Na5 10. Ba2 Be6 11. b4 Bxa2 12. Rxa2 Nc6 13. Bg5 Ng4 14. Bd2 Nf6 15. Bg5 Ng4 16. Bd2 Nf6 17. Bg5 {½-½ (17) Vachier Lagrave,M (2789)-Carlsen,M (2843) Stavanger 2018}) 8... O-O 9. Re1 Bg4 10. c3 {LiveBook: 3 Partien. Die Stellung ist ausgeglichen.} Na5 11. Bc2 c5 12. h3 Bd7 $146 ({Vorgänger:} 12... Bh5 13. Bg5 Nd7 14. Be3 Re8 15. Nbd2 Nf8 {½-½ (41) Cerveny,P (2315)-Belunek,V (2216) Ostrava 2018}) 13. d4 Qc7 14. b3 Rfe8 15. d5 g6 16. Be3 Nh5 17. Nbd2 Ng7 18. g4 Nb7 19. Kh1 f6 20. a4 bxa4 21. bxa4 Na5 22. Qe2 Reb8 23. Reb1 Qc8 24. Bh6 Ne8 25. Be3 (25. Nf1 $14) 25... Nc7 26. Rc1 Rb2 27. Ne1 h5 ({Lieber} 27... Rab8 $14) 28. Nd3 $36 {[%mdl 2048] Weiss bestimmt, wo es lang geht.} Rxc2 29. Rxc2 hxg4 30. c4 Kg7 ({Doch nicht} 30... gxh3 $6 31. Rb2 $11) 31. hxg4 Bxg4 32. f3 Bh5 33. Qg2 Qd7 34. Kg1 Rh8 35. f4 Ne8 36. Rb2 Be2 $2 (36... Bg4 $16 {ist wohl besser.}) 37. f5 (37. Qxe2 $18 {ist der präzise Gewinnweg.} Qh3 38. Kf2) 37... Bh5 38. Kf2 Kf7 (38... g5 $16 39. Rb8 Kg8) 39. fxg6+ $18 Kg7 40. Rb6 (40. Rh1 $18 {und Weiss behält klar die Oberhand. Droht stark Tb8.} f5 41. Qh3) 40... f5 $16 41. Kg1 ({Viel schwächer ist} 41. Rxa6 fxe4 42. Nxc5 (42. Rxa5 Rf8+ 43. Kg1 exd3 $16) 42... dxc5 $18) 41... f4 {[#]} 42. Bxf4 $1 exf4 43. Nxf4 Nc7 $2 {[%mdl 8192]} (43... Bg4 $11) 44. Rf1 $18 Bg4 {[#]} 45. Ne6+ $1 {[%mdl 512]} Bxe6 (45... Nxe6 46. Qxg4) 46. dxe6 Nxe6 47. Rf7+ Kg8 48. Qg4 {Precision: Weiß = 62%, Schwarz = 46%.} 1-0

[Event "Chinggis Invitational IV 2018"]
[Site "Ulaanbaatar"]
[Date "2018.08.09"]
[Round "2"]
[White "Abasov, Nijat"]
[Black "Lkhagvasuren, Tsedvee"]
[Result "1-0"]
[WhiteElo "2623"]
[BlackElo "2280"]
[Annotator "TA"]
[PlyCount "93"]
[EventDate "2018.08.08"]
[EventType "tourn"]
[EventCountry "MGL"]
[SourceTitle "playchess.com"]
[Source "ChessBase"]
[SourceQuality "1"]

{[%evp 19,93,0,7,-8,4,-18,-18,-17,0,0,0,0,17,27,37,35,41,0,10,0,10,0,0,0,27,19,43,39,50,29,56,67,82,66,71,65,94,87,92,0,0,0,0,0,0,0,0,0,0,-27,6,0,23,0,0,2,76,72,99,86,98,94,85,96,90,91,83,79,216,210,332,326,322,313,1160,1159]} 1. d4 Nf6 2. c4 e6 3. Nc3 Bb4 4. Nf3 b6 5. e3 Bb7 6. Bd3 O-O 7. O-O d5 8. cxd5 exd5 9. Ne5 Nbd7 10. f4 c5 {LiveBook: 45 Games} 11. Qa4 {E52: Nimzo-Indian: Rubinstein: 4...0-0 5 Nf3 d5 6 Bd3 b6} (11. Ne2 cxd4 12. exd4 Bd6 13. Ng3 Ne4 14. Nf5 Ndf6 15. Qf3 Bc7 16. Be3 Nd6 17. Rac1 Nfe4 18. Nxd6 Bxd6 {½-½ (51) Navara,D (2741)-Georgiadis,N (2526) Biel 2018}) 11... a6 $146 ({Predecessor:} 11... Bxc3 12. bxc3 a6 13. Bf5 Nxe5 14. fxe5 Ne4 15. Rf4 Nxc3 16. Qc2 Ne4 {½-½ (16) Richter,M (2195)-Von Werner,K (2070) Bayern 1994}) 12. Bd2 b5 13. Qd1 {The position is equal.} cxd4 14. exd4 Qb6 15. Ne2 Bd6 16. Kh1 Rfe8 17. Ng3 Bf8 18. Be3 ({Much weaker is} 18. Nxd7 Nxd7 19. a4 (19. Qh5 Nf6 $17) 19... Nf6 $15) 18... Rad8 19. Qb3 b4 20. Rac1 Rc8 21. Bf5 Rxc1 22. Rxc1 Rd8 23. Qa4 $36 {[%cal Re5d7][%mdl 2048] White has the initiative.} Qd6 24. Qa5 Nb6 {next ...Nc4! is good for Black.} 25. b3 $1 g6 26. Bh3 $1 Re8 27. Kg1 Bh6 28. Bd2 Bf8 29. Qc5 ({White should play} 29. Be1 $16) 29... Ne4 $1 $11 {[%cal Re4c5]} 30. Qc7 Qxc7 31. Rxc7 Re7 32. Bd7 {Hoping for Nxe4.} Nxd2 33. Rxb7 Nxd7 34. Rxd7 Rxd7 (34... f6 $5 {[%cal Rf6e5]} 35. Rxe7 Bxe7 $11) 35. Nxd7 {[%mdl 4096] Endgame KBN-KNN} Bg7 36. Ne2 Ne4 37. Nb6 Nc3 (37... Nf6 $11) 38. Kf2 Nxa2 39. Nxd5 f5 40. Ke3 Kf7 41. Kd3 a5 42. Nb6 Ke6 43. Nc4 Kd5 (43... Bf6 $16) 44. Nxa5 $18 Nc3 (44... Bf6 {is a better defense.} 45. Nc4 Be7 46. Ne3+ Ke6) 45. Nxc3+ bxc3 {[#]} 46. Nc4 $1 Bxd4 $2 {[#]} (46... Kc6 47. Ne3 c2 48. Nxc2 Bh6) 47. Ne3+ $1 {Precision: White = 67%, Black = 43%.} 1-0